00302nas a22001097a 4500003000600000005001700006008004100023022001400064040001000078245005700088260004700145VITAP20181117144537.0181102b ||||| |||| 00| 0 eng d a0256-2499 cVITAP aSADHANAbAcademy Proceddings in Engineering Sciences aBengalurubIndian Academy of Sciencec2018